Football - Clubs de Ligue 2 2024/2025 - Statistiques

Statistiques générales
  • Ce quiz a été pris 217 fois
    159 depuis la dernière actualisation
  • Le résultat moyen est 13 sur 18
Statistiques - réponses
Club % Correct
Paris FC
91%
FC Metz
90%
FC Lorient
80%
SM Caen
77%
AC Ajaccio
74%
EA Guingamp
74%
Red Star FC
74%
SC Bastia
74%
USL Dunkerque
70%
Clermont Foot 63
69%
FC Martigues
69%
Amiens SC
67%
ESTAC Troyes
67%
Pau FC
67%
Grenoble Foot 38
66%
Rodez AF
66%
FC Annecy
62%
Stade Lavallois
60%
Aucun quiz correspondant
Distribution des résultats
% des personnes avec chaque résultat
Percentile par nombre de réponses
Votre historique - résultats
Vous n’avez pas pris ce quiz depuis la dernière actualisation